| 000 | 02546cam a22002294a 4500 | ||
|---|---|---|---|
| 005 | 20250605163942.0 | ||
| 008 | 250528s ||||||||||||||||||||||||d | ||
| 035 | _a15077 | ||
| 020 | _a471506346 | ||
| 040 |
_aGR-AtMCL _bgre _dGR-AtMCL _eAACR2 |
||
| 245 | 1 | _aInternational Accounting and Multinational Enterprises / Third Edition | |
| 250 | _a3rd | ||
| 260 |
_bJohn Wiley And Sons, Inc, _c1993 |
||
| 300 | _a584 | ||
| 505 | 0 | _aInternational Dimensions of Accounting and Control, International Business and Manipulation Strategy, Accounting Systems in the Global Environement, International Patterns of Accounting Development, Comparative International Accounting Systems and Practices, Pressures for International Accounting Harmonization and Disclosure, Multinational Management Perspectives on Information Disclosure and Regulation, International Business Combinations and Consolidations, International Accounting for Goowill and Intangibles, International Segmental Reporting, Accounting for Price Changes and Inflation Internationally, Accounting for Foreign Currency Transactions and Foreign Currency Derivatives, Translation of Foreign Currency Financial Statements, Comparative International Analysis of Financial Statements, International Disclosure Trends and Financial Analysis, Management Control of Global Operations, Performance Evaluation and Budgeting, Product Costing and Transfer Pricing, Index. | |
| 520 | _aInternational Dimensions of Accounting and Control, International Business and Manipulation Strategy, Accounting Systems in the Global Environement, International Patterns of Accounting Development, Comparative International Accounting Systems and Practices, Pressures for International Accounting Harmonization and Disclosure, Multinational Management Perspectives on Information Disclosure and Regulation, International Business Combinations and Consolidations, International Accounting for Goowill and Intangibles, International Segmental Reporting, Accounting for Price Changes and Inflation Internationally, Accounting for Foreign Currency Transactions and Foreign Currency Derivatives, Translation of Foreign Currency Financial Statements, Comparative International Analysis of Financial Statements, International Disclosure Trends and Financial Analysis, Management Control of Global Operations, Performance Evaluation and Budgeting, Product Costing and Transfer Pricing, Index. | ||
| 700 | 1 |
_aGray Sidney J _9917 |
|
| 700 | 1 |
_aRadebaugh Lee H _9914 |
|
| 942 | _cBK | ||
| 999 |
_c676 _d676 |
||